Behold, no Cavities! : (Record no. 7439)

MARC details
000 -LEADER
fixed length control field 00848nam a22002777a 4500
001 - CONTROL NUMBER
control field 7439
003 - CONTROL NUMBER IDENTIFIER
control field FISKH
005 - DATE AND TIME OF LATEST TRANSACTION
control field 20250716090052.0
008 - FIXED-LENGTH DATA ELEMENTS--GENERAL INFORMATION
fixed length control field 250716b cb ||||| |||| 00| 0 eng d
040 ## - CATALOGING SOURCE
Original cataloging agency FISKH
Language of cataloging eng
Transcribing agency FISKH
Modifying agency FISKH
050 ## - LIBRARY OF CONGRESS CALL NUMBER
Classification number PZ7.W6845 B
082 ## - DEWEY DECIMAL CLASSIFICATION NUMBER
Classification number 463
100 ## - MAIN ENTRY--PERSONAL NAME
Personal name Willson, Sarah
245 ## - TITLE STATEMENT
Title Behold, no Cavities! :
Remainder of title A visit to the dentist /
Statement of responsibility, etc. by Sarah Willson ; illustrated by Harry Moore
260 ## - PUBLICATION, DISTRIBUTION, ETC.
Place of publication, distribution, etc. New York :
Name of publisher, distributor, etc. Simon Spotlight,
Date of publication, distribution, etc. 2007.
300 ## - PHYSICAL DESCRIPTION
Extent 24 pages :
Other physical details color illustrations ;
Dimensions 21 cm
490 ## - SERIES STATEMENT
Series statement SpongeBob SquarePants
505 ## - FORMATTED CONTENTS NOTE
Formatted contents note J<br/>
520 ## - SUMMARY, ETC.
Summary, etc. SpongeBob and Patrick visits the dentist.
521 8# - TARGET AUDIENCE NOTE
Target audience note 500<br/>
Source Lexile <br/>
521 8# - TARGET AUDIENCE NOTE
Target audience note J<br/>
Source Raz-Plus<br/>
650 ## - SUBJECT ADDED ENTRY--TOPICAL TERM
Topical term or geographic name entry element SpongeBob
Form subdivision Fillings
General subdivision Conquering Fears
700 ## - ADDED ENTRY--PERSONAL NAME
Personal name Moore, Harry
Relator term illustrator
942 ## - ADDED ENTRY ELEMENTS (KOHA)
Source of classification or shelving scheme Dewey Decimal Classification
Koha item type Books
Suppress in OPAC No
Holdings
Withdrawn status Lost status Source of classification or shelving scheme Damaged status Not for loan Collection Home library Current library Shelving location Date acquired Total Checkouts Full call number Barcode Date last seen Copy number Price effective from Koha item type
    Dewey Decimal Classification     Juvenile Fiction Footprints International School Library Network Toul Kork Campus Footprints International School Library Network Toul Kork Campus TK Primary Library Room(4th Floor), Bookcase 1&2, Shelves 1-16, Dark Blue Books 07/16/2025   WIL 463 PZ7.W6845 B FISTK03908 07/16/2025 1 07/16/2025 Books